000 00392nam a2200145Ia 4500
008 230917s9999||||xx |||||||||||||| ||und||
040 _e194823
_aMAIN
041 _aEnglish
082 _a301.045 O8U
100 _aOuthwaite, William
245 0 _aUnderstanding social life: The method called Verstehen
260 _aLondon
_bGeorge Allen and Unwin
_c1975
300 _a127 p.
942 _cBK
999 _c192867
_d192867